000 00784nam a2200205Ii 4500
003 JO-AjNU
008 230605s9999||||xx |||||||||||||| ||und||
040 _aJO-AjNU
_bara
_erda
_cJO-AjNU
041 _aara
050 1 4 _aBP.R3388.1996
100 3 _aالرحبي،ابي عبد الله محمد بن علي ، المارديني،محمد بن محمد سبط/شرح ، الحوت،كمال يوسف/تحقيق,
_eauthor
_914511
245 0 0 _aشرح الرحبية في الفرائض
250 _aط4
264 3 1 _aبيروت:مؤسسة الكتب الثقافية ،1996
300 _a96ص
336 _atext
_btxt
_2rdacontent
337 _aunmediated
_bn
_2rdamedia
338 _avolume
_bnc
_2rdacarrier
650 4 _aالمواريث-فقه اسلامي-معاملات
_914512
999 _aA3887
_c7455
_d7455